<?xml version="1.0" encoding="UTF-8"?>
<record
    xmlns:xsi="http://www.w3.org/2001/XMLSchema-instance"
    xsi:schemaLocation="http://www.loc.gov/MARC21/slim http://www.loc.gov/standards/marcxml/schema/MARC21slim.xsd"
    xmlns="http://www.loc.gov/MARC21/slim">

  <leader>00467nam a2200121   4500</leader>
  <controlfield tag="008">708.983 M986c</controlfield>
  <datafield tag="082" ind1=" " ind2=" ">
    <subfield code="a">708.983</subfield>
    <subfield code="b">M986c</subfield>
  </datafield>
  <datafield tag="100" ind1=" " ind2=" ">
    <subfield code="a">Ortega-M&#xE1;rquez, In&#xE9;s (curadora)</subfield>
    <subfield code="9">6491</subfield>
  </datafield>
  <datafield tag="245" ind1=" " ind2=" ">
    <subfield code="a">4 premios nacionales:</subfield>
    <subfield code="b">Jos&#xE9; Balmes, Gracia Barrios, Roser Bru, Guillermo N&#xFA;&#xF1;ez</subfield>
  </datafield>
  <datafield tag="260" ind1=" " ind2=" ">
    <subfield code="a">Santiago de Chile</subfield>
    <subfield code="b">Museo Nacional de Bellas Artes</subfield>
    <subfield code="c">2017</subfield>
  </datafield>
  <datafield tag="300" ind1=" " ind2=" ">
    <subfield code="a">84 p.</subfield>
    <subfield code="b">ill (col)</subfield>
    <subfield code="c">21 x 14 cm</subfield>
  </datafield>
  <datafield tag="650" ind1=" " ind2=" ">
    <subfield code="x">arte contempor&#xE1;neo</subfield>
    <subfield code="x">arte - exhibiciones</subfield>
    <subfield code="x">Chile</subfield>
    <subfield code="x">artes visuales</subfield>
    <subfield code="9">6492</subfield>
  </datafield>
  <datafield tag="999" ind1=" " ind2=" ">
    <subfield code="c">1539</subfield>
    <subfield code="d">1539</subfield>
  </datafield>
  <datafield tag="952" ind1=" " ind2=" ">
    <subfield code="0">0</subfield>
    <subfield code="1">0</subfield>
    <subfield code="2">ddc</subfield>
    <subfield code="4">0</subfield>
    <subfield code="7">0</subfield>
    <subfield code="a">LV</subfield>
    <subfield code="b">LV</subfield>
    <subfield code="c">Colectivas</subfield>
    <subfield code="d">2018-07-07</subfield>
    <subfield code="l">0</subfield>
    <subfield code="o">708.983 M986c</subfield>
    <subfield code="p">004618</subfield>
    <subfield code="r">2018-07-07 00:00:00</subfield>
    <subfield code="w">2018-07-07</subfield>
    <subfield code="y">01</subfield>
  </datafield>
</record>
